000 00401 a2200145 4500
005 20250507141126.0
020 _a333 14540 2
082 _a658. 31 MIT
100 _aMITCHELL, W.
245 _aEmployee Relations within the Factory
260 _aLondon,
_bThe Macmillan Press LTD,
_c1973.
300 _a135p.: figure, table.
_bBibliography, index.
_c21cm.
700 _aCORBERT, A. R.
942 _2ddc
_cBKS
999 _c2131
_d2131